Epistolas familiares / (Record no. 154874)

MARC details
000 -LEADER
campo de control de longitud fija 01256nam a2200277 i 4500
001 - NÚMERO DE CONTROL
campo de control 154874
003 - IDENTIFICADOR DE NÚMERO DE CONTROL
campo de control ES-MaACL
005 - FECHA Y HORA DE LA ÚLTIMA TRANSACCIÓN
campo de control 20251011063142.0
008 - DATOS DE LONGITUD FIJA--INFORMACIÓN GENERAL
campo de control de longitud fija 931025s1673 sp |||| | spa d
040 ## - FUENTE DE CATALOGACIÓN
Centro catalogador/agencia de origen PAB
Lengua de catalogación spa
100 0# - ENTRADA PRINCIPAL--NOMBRE DE PERSONA
Nombre de persona Guevara, Antonio de,
Fechas asociadas al nombre ca. 1480-1545
9 (RLIN) 60606
245 10 - MENCIÓN DEL TÍTULO
Título Epistolas familiares /
Mención de responsabilidad, etc. de Don Antonio de Guevara, obispo de Mondoñedo, predicador y cronista ... ; primera y segunda parte ..., dirigido al Señor Don Francisco de Paniagua y Zuñiga.
260 ## - PUBLICACIÓN, DISTRIBUCIÓN, ETC.
Lugar de publicación, distribución, etc. En Madrid :
Nombre del editor, distribuidor, etc. por Andres García de la Iglesia :
-- a costa de Gabriel de Leon ...,
Fecha de publicación, distribución, etc. 1673.
300 ## - DESCRIPCIÓN FÍSICA
Extensión [12], 705 [i.e. 703] p. ;
Dimensiones 4º (20 cm)
530 ## - NOTA DISPONIBLE DE FORMULARIO FÍSICO ADICIONAL
Nota de formato físico adicional disponible Disponible en formato digital.
594 ## - Nota al título y mención de responsabilidad
Nota al título y mención de responsabilidad La "Segunda parte de las Epistolas familiares..." comienza en p. 465, con port. propia.
596 ## - NOTA AL PIE DE IMPRENTA
NOTA AL PIE DE IMPRENTA Marca de ed. en port.
597 ## - NOTA DE DESCRIPCIÓN FÍSICA
NOTA DE DESCRIPCIÓN FÍSICA Sign.: ¶6÷, A-Z8÷, 2A-2X8÷.
597 ## - NOTA DE DESCRIPCIÓN FÍSICA
NOTA DE DESCRIPCIÓN FÍSICA Error de pag., de p. 695 pasa a la 698, sin faltar texto.
597 ## - NOTA DE DESCRIPCIÓN FÍSICA
NOTA DE DESCRIPCIÓN FÍSICA Antep.
597 ## - NOTA DE DESCRIPCIÓN FÍSICA
NOTA DE DESCRIPCIÓN FÍSICA Texto a dos col.
650 #4 - PUNTO DE ACCESO ADICIONAL DE MATERIA--TÉRMINO DE MATERIA
Término de materia o nombre geográfico como elemento de entrada Literatura española-
Subdivisión cronológica S.XVI-XVII.
9 (RLIN) 152334
852 ## - LOCALIZACIÓN
Ubicación ES-MaACL
Número de control de estantería R-1177
Nota libre - Enc. hol.
Encuadernación Olim: G-10475
856 ## - LOCALIZACIÓN Y ACCESO ELECTRÓNICOS
Identificador Uniforme de Recursos <a href="http://biblioteca.galiciana.gal/es/consulta/registro.cmd?id=6210">http://biblioteca.galiciana.gal/es/consulta/registro.cmd?id=6210</a>
Nota pública Galiciana
Holdings
Estatus retirado Estado de pérdida Estado de daño No para préstamo Colección Biblioteca de origen Biblioteca actual Ubicación en estantería Fecha de adquisición Fuente de adquisición Total de préstamos Signatura topográfica completa Código de barras Visto por última vez Precio de reemplazo Tipo de ítem Koha
        Colección digital Biblioteca del Ateneo de Madrid Biblioteca del Ateneo de Madrid Depósito 17/01/2008     R-1177 1161998 23/02/2023 23/02/2023 Libro impreso antiguo